Pragopanam/ (Record no. 35454)

000 -LEADER
fixed length control field 00343nam a22001451a 4500
082 ## - DEWEY DECIMAL CLASSIFICATION NUMBER
Classification number M3
Item number SKP/P
100 ## - MAIN ENTRY--AUTHOR NAME
Personal name S K Pillai
245 ## - TITLE STATEMENT
Title Pragopanam/
Statement of responsibility, etc by S K Pillai
260 ## - PUBLICATION, DISTRIBUTION, ETC. (IMPRINT)
Place of publication Alappuzha:
Name of publisher Rajendran V Babu,
Year of publication 1999.
300 ## - PHYSICAL DESCRIPTION
Number of Pages 346p.
650 ## - SUBJECT ADDED ENTRY--TOPICAL TERM
Topical Term Novel Malayalam
650 ## - SUBJECT ADDED ENTRY--TOPICAL TERM
Topical Term Literature Malayalam
650 ## - SUBJECT ADDED ENTRY--TOPICAL TERM
Topical Term Literature
942 ## - ADDED ENTRY ELEMENTS (KOHA)
Koha item type Book
Holdings
Withdrawn status Lost status Damaged status Not for loan Permanent Location Current Location Date acquired Cost, normal purchase price Full call number Accession Number Cost, replacement price Price effective from Koha item type Shelving location
        Sree Sankaracharya University of Sanskrit Sree Sankaracharya University of Sanskrit 08.01.2015 125.00 M3 SKP/P 020598 0.00 08.01.2015 Book  
        Sree Sankaracharya University of Sanskrit Sree Sankaracharya University of Sanskrit 17.12.2020 125.00 M3 SKP/P 101618   17.12.2020 Book Stacks